Score 0/30 Timer 01:30
7 Plays Today
% Correct
Inch
74.3%
IKEA
73.9%
Iguana
73.8%
Indian
73.3%
Iris
72.8%
iPhone
71.4%
Isosceles
71.1%
Iceberg
71%
Index
70.5%
Incisor
70.3%
IBM
70.2%
Indianapolis
67.5%
Iowa
67.3%
Incredibles 2
66.8%
Igneous
66.4%
% Correct
Italy
66%
Iridium
66%
Iron Man
64.1%
Instagram
63.8%
Isaiah
61.5%
It
61.2%
Islamabad
59.4%
Inception
59.3%
IPA
57.8%
Iota
57.2%
Isis
55.9%
I'd
53%
Islanders
52.8%
Infiniti
51.4%
Interference
49.5%
Remove Ads.
Support Sporcle.
Get the best of Sporcle when you Go Orange. This ad-free experience offers more features, more stats, and more fun while also helping to support Sporcle. Thank you for becoming a member.

You're not logged in!

Compare scores with friends on all Sporcle quizzes.
OR
Log In

Sporcle TV

Today on Sporcle TV


Watch our educational content, quiz creation guides, and fun videos on Sporcle TV.

Show Comments

Extras

Top Quizzes Today


Score Distribution

Paid Content

Your Account Isn't Verified!

In order to create a playlist on Sporcle, you need to verify the email address you used during registration. Go to your Sporcle Settings to finish the process.

Report this User

Report this user for behavior that violates our Community Guidelines.

Details: